La Dimensión Norte-Sur de las industria de la limpieza ambiental y la difusión de tecnologías limpias /
La ecoindustria que abarca una amplia variedad de productos y servicios relacionados con el monitoreo, tratamiento, control y gestión de la contaminación industrial y doméstica, se desarrolló rápidamente en los años ochenta y noventa, en respuesta a las reglamentaciones ambientales. Gracias a la apl...
Na minha lista:
| Autor principal: | |
|---|---|
| Formato: | Texto |
| Tags: |
Adicionar Tag
Sem tags, seja o primeiro a adicionar uma tag!
|
MARC
| LEADER | 00000 a a2200000 04500 | ||
|---|---|---|---|
| 001 | 15907 | ||
| 003 | |||
| 040 | |||
| 100 | |a Barton, Jonathan R. | ||
| 245 | |a La Dimensión Norte-Sur de las industria de la limpieza ambiental y la difusión de tecnologías limpias / |c Jonathan R. Barton | ||
| 520 | |a La ecoindustria que abarca una amplia variedad de productos y servicios relacionados con el monitoreo, tratamiento, control y gestión de la contaminación industrial y doméstica, se desarrolló rápidamente en los años ochenta y noventa, en respuesta a las reglamentaciones ambientales. Gracias a la aplicación relativamente temprana de estas reglamentaciones en los Estados Unidos, Europa y Japón, estas regiones entraron en competencia como productores y exportadores de productos y servicios ambientales. A medida que se desarrollaba el sector industrial, aumentó la sensibilidad ambiental y expandió la competencia y el comercio internacionales en la ecoindustria. REV//jmml | ||
| 773 | |g número 64; páginas 129-150 | ||
| 999 | |c 22667 |d 22667 | ||
